D.S.I.R. universities and colleges 1956-60 (Record no. 21376)
[ view plain ]
| 000 -LEADER | |
|---|---|
| fixed length control field | 00487nam a22001457a 4500 |
| 008 - FIXED-LENGTH DATA ELEMENTS--GENERAL INFORMATION | |
| fixed length control field | 230420b |||||||| |||| 00| 0 eng d |
| 040 ## - CATALOGING SOURCE | |
| Original cataloging agency | National Science Library |
| Transcribing agency | National Science Library |
| 080 ## - UNIVERSAL DECIMAL CLASSIFICATION NUMBER | |
| Universal Decimal Classification number | 5/6.001.5 |
| Item number | K2.1 |
| 245 ## - TITLE STATEMENT | |
| Title | D.S.I.R. universities and colleges 1956-60 |
| Statement of responsibility, etc. | / Department of scientific and industrial research |
| 260 ## - PUBLICATION, DISTRIBUTION, ETC. | |
| Place of publication, distribution, etc. | London: |
| Name of publisher, distributor, etc. | Her Majesty's Stationery Office, |
| Date of publication, distribution, etc. | 1962 |
| 300 ## - PHYSICAL DESCRIPTION | |
| Extent | 232p. |
| 650 ## - SUBJECT ADDED ENTRY--TOPICAL TERM | |
| Topical term or geographic name entry element | Adminstration |
| 653 ## - INDEX TERM--UNCONTROLLED | |
| Uncontrolled term | Research |
| 942 ## - ADDED ENTRY ELEMENTS (KOHA) | |
| Source of classification or shelving scheme | Universal Decimal Classification |
| Koha item type | Reports |
| Withdrawn status | Lost status | Source of classification or shelving scheme | Damaged status | Not for loan | Home library | Current library | Shelving location | Date acquired | Total Checkouts | Full call number | Barcode | Date last seen | Price effective from | Koha item type |
|---|---|---|---|---|---|---|---|---|---|---|---|---|---|---|
| Universal Decimal Classification | National Science Library | National Science Library | GF/Rk-5/C-16/R-4 | 26/07/2004 | 5/6.001.5 K2.1 | 192559 | 20/04/2023 | 26/07/2004 | Reports | |||||
| Universal Decimal Classification | National Science Library | National Science Library | GF/Rk-5/C-16/R-4 | 26/07/2004 | 5/6.001.5:378(410)(047.1)Gre | 4353 | 20/04/2023 | 26/07/2004 | Reports |